私鉄・三セクの駅しかない市町村 - Statistics

General Stats
  • This quiz has been taken 45 times
  • The average score is 127 of 258
Answer Stats
ヒント Answer % Correct
静岡県 下田市
72%
青森県 三沢市
66%
茨城県 鉾田市
66%
埼玉県 志木市
66%
埼玉県 東松山市
66%
東京都 世田谷区
66%
東京都 狛江市
66%
富山県 魚津市
66%
富山県 滑川市
66%
山梨県 富士吉田市
66%
岐阜県 郡上市
66%
愛知県 田原市
66%
茨城県 つくば市
63%
茨城県 つくばみらい市
63%
茨城県 守谷市
63%
群馬県 館林市
63%
埼玉県 羽生市
63%
千葉県 野田市
63%
東京都 練馬区
63%
東京都 清瀬市
63%
東京都 多摩市
63%
東京都 西東京市
63%
東京都 東久留米市
63%
神奈川県 三浦市
63%
富山県 小矢部市
63%
富山県 朝日町
63%
富山県 立山町
63%
富山県 入善町
63%
福井県 坂井市
63%
福井県 鯖江市
63%
岐阜県 関市
63%
静岡県 伊豆の国市
63%
愛知県 犬山市
63%
愛知県 岩倉市
63%
愛知県 知多市
63%
沖縄県 那覇市
63%
群馬県 太田市
59%
埼玉県 春日部市
59%
埼玉県 狭山市
59%
埼玉県 秩父市
59%
埼玉県 鶴ヶ島市
59%
埼玉県 富士見市
59%
埼玉県 八潮市
59%
埼玉県 和光市
59%
東京都 調布市
59%
神奈川県 伊勢原市
59%
神奈川県 秦野市
59%
神奈川県 南足柄市
59%
新潟県 妙高市
59%
富山県 射水市
59%
富山県 舟橋村
59%
石川県 野々市市
59%
山梨県 都留市
59%
長野県 須坂市
59%
静岡県 伊豆市
59%
静岡県 河津町
59%
静岡県 東伊豆町
59%
愛知県 瀬戸市
59%
愛知県 常滑市
59%
愛知県 豊明市
59%
愛知県 豊田市
59%
愛知県 日進市
59%
愛知県 碧南市
59%
三重県 いなべ市
59%
大阪府 豊中市
59%
沖縄県 浦添市
59%
宮城県 丸森町
56%
茨城県 常総市
56%
茨城県 大洗町
56%
栃木県 芳賀町
56%
群馬県 下仁田町
56%
埼玉県 加須市
56%
埼玉県 坂戸市
56%
埼玉県 草加市
56%
埼玉県 ふじみ野市
56%
埼玉県 長瀞町
56%
埼玉県 横瀬町
56%
千葉県 白井市
56%
東京都 目黒区
56%
東京都 東大和市
56%
神奈川県 厚木市
56%
神奈川県 開成町
56%
石川県 能美市
56%
石川県 白山市
56%
石川県 穴水町
56%
福井県 勝山市
56%
山梨県 富士河口湖町
56%
愛知県 北名古屋市
56%
愛知県 江南市
56%
愛知県 小牧市
56%
愛知県 西尾市
56%
愛知県 南知多町
56%
三重県 志摩市
56%
京都府 宮津市
56%
大阪府 大阪狭山市
56%
大阪府 河内長野市
56%
大阪府 箕面市
56%
奈良県 生駒市
56%
奈良県 宇陀市
56%
岡山県 井原市
56%
長崎県 島原市
56%
青森県 黒石市
53%
青森県 三戸町
53%
岩手県 一戸町
53%
宮城県 角田市
53%
栃木県 真岡市
53%
栃木県 壬生町
53%
群馬県 富岡市
53%
群馬県 大泉町
53%
埼玉県 幸手市
53%
千葉県 鎌ケ谷市
53%
千葉県 芝山町
53%
福井県 永平寺町
53%
福井県 南越前町
53%
長野県 東御市
53%
岐阜県 揖斐川町
53%
静岡県 川根本町
53%
静岡県 森町
53%
愛知県 あま市
53%
愛知県 尾張旭市
53%
愛知県 東海市
53%
愛知県 長久手市
53%
愛知県 みよし市
53%
三重県 東員町
53%
京都府 京丹後市
53%
大阪府 池田市
53%
大阪府 富田林市
53%
大阪府 羽曳野市
53%
鳥取県 若桜町
53%
愛媛県 東温市
53%
高知県 安芸市
53%
高知県 宿毛市
53%
高知県 奈半利町
53%
福岡県 朝倉市
53%
長崎県 雲仙市
53%
長崎県 松浦市
53%
熊本県 合志市
53%
青森県 東北町
50%
岩手県 田野畑村
50%
岩手県 普代村
50%
岩手県 野田村
50%
福島県 南会津町
50%
栃木県 茂木町
50%
群馬県 板倉町
50%
千葉県 八千代市
50%
千葉県 大多喜町
50%
東京都 文京区
50%
岐阜県 海津市
50%
岐阜県 美濃市
50%
岐阜県 養老町
50%
愛知県 高浜市
50%
愛知県 津島市
50%
愛知県 扶桑町
50%
大阪府 松原市
50%
大阪府 守口市
50%
兵庫県 三木市
50%
福岡県 柳川市
50%
長崎県 平戸市
50%
茨城県 下妻市
47%
神奈川県 大和市
47%
神奈川県 箱根町
47%
富山県 上市町
47%
長野県 小布施町
47%
岐阜県 御嵩町
47%
愛知県 知立市
47%
三重県 名張市
47%
京都府 八幡市
47%
大阪府 門真市
47%
大阪府 藤井寺市
47%
奈良県 吉野町
47%
青森県 おいらせ町
44%
青森県 平内町
44%
岩手県 大槌町
44%
山形県 白鷹町
44%
栃木県 市貝町
44%
群馬県 邑楽町
44%
三重県 | 群馬県 明和町
44%
埼玉県 皆野町
44%
埼玉県 嵐山町
44%
石川県 内灘町
44%
岐阜県 岐南町
44%
愛知県 阿久比町
44%
愛知県 美浜町
44%
三重県 菰野町
44%
滋賀県 多賀町
44%
兵庫県 加西市
44%
和歌山県 高野町
44%
長崎県 佐々町
44%
熊本県 高森町
44%
岩手県 山田町
41%
群馬県 甘楽町
41%
埼玉県 伊奈町
41%
埼玉県 杉戸町
41%
山梨県 西桂町
41%
長野県 山ノ内町
41%
岐阜県 本巣市
41%
滋賀県 豊郷町
41%
大阪府 泉大津市
41%
大阪府 忠岡町
41%
奈良県 田原本町
41%
奈良県 明日香村
41%
和歌山県 九度山町
41%
香川県 綾川町
41%
福岡県 小郡市
41%
熊本県 あさぎり町
41%
熊本県 湯前町
41%
青森県 中泊町
38%
青森県 南部町
38%
栃木県 益子町
38%
埼玉県 宮代町
38%
長野県 坂城町
38%
長野県 信濃町
38%
長野県 御代田町
38%
三重県 川越町
38%
滋賀県 日野町
38%
滋賀県 愛荘町
38%
京都府 与謝野町
38%
大阪府 豊能町
38%
大阪府 岬町
38%
高知県 香南市
38%
福岡県 糸田町
38%
岩手県 大船渡市
34%
岩手県 岩泉町
34%
岐阜県 笠松町
34%
奈良県 広陵町
34%
奈良県 平群町
34%
岡山県 西粟倉村
34%
高知県 芸西村
34%
福岡県 赤村
34%
福島県 下郷町
31%
埼玉県 滑川町
31%
長野県 飯綱町
31%
滋賀県 甲良町
31%
奈良県 高取町
31%
奈良県 三宅町
31%
岡山県 矢掛町
31%
香川県 三木町
31%
高知県 黒潮町
31%
高知県 田野町
31%
岐阜県 神戸町
28%
奈良県 川西町
28%
高知県 安田町
28%
福岡県 大刀洗町
28%
福岡県 みやこ町
28%
熊本県 津奈木町
28%
熊本県 錦町
28%
岐阜県 池田町
25%
兵庫県 猪名川町
25%
奈良県 大淀町
25%
奈良県 河合町
25%
熊本県 相良村
25%
岐阜県 富加町
22%
福岡県 大木町
22%
福岡県 筑前町
22%
熊本県 多良木町
22%
高知県 東洋町
19%
福岡県 福智町
16%
No matching quizzes found
Score Distribution
Percent of People with Each Score
Percentile by Number Answered
Your Score History
You have not taken this quiz